000 00644nam a2200241Ia 4500
003 OSt
005 20221005130440.0
006 a|||||r|||| 00| 0
007 ta
008 221004b |||||||| |||| 00| 0 eng d
024 _a64309
037 _cTextual
040 _aCRL
_cCRL
_beng
041 _2eng
_aeng
082 _aW61:1.2.N51, J5.1
110 _aIndia, Election Commission
245 0 _aReport on the first general elections in India, 1951-52
260 _c1955
650 _aPOLITICAL SCIENCE
700 _aIndia, Election Commission
942 _hW61:1.2.N51, J5.1
_cTEXL
_2cc
999 _c1057273
_d1057273